书目信息 |
| 题名: |
地质构造与水文地质研究
|
|
| 作者: | 曹志民 , 师明川 , 郑彦峰 编著 | |
| 分册: | ||
| 出版信息: | 北京 文化发展出版社有限公司 2021.2 |
|
| 页数: | 341页 | |
| 开本: | 24cm | |
| 丛书名: | ||
| 单 册: | ||
| 中图分类: | P54 , P641 | |
| 科图分类: | ||
| 主题词: | 地质构造--研究 , 水文地质--研究 | |
| 电子资源: | ||
| ISBN: | 978-7-5142-2596-9 | |
| 000 | 01202nam0 2200277 45 | |
| 001 | 012001000178 | |
| 005 | 20140910162454.0 | |
| 010 | @a978-7-5142-2596-9@dCNY58.00 | |
| 100 | @a20190322d2019 em y0chiy0110 ea | |
| 101 | 0 | @achi |
| 102 | @aCN@b110000 | |
| 105 | @ay z 000yy | |
| 106 | @ar | |
| 200 | 1 | @a地质构造与水文地质研究@Adi zhi gou zao yu shui wen di zhi yan jiu@f曹志民,师明川,郑彦峰编著 |
| 210 | @a北京@c文化发展出版社有限公司@d2021.2 | |
| 215 | @a341页@d24cm | |
| 330 | @a本书根据地质构造和水文地质研究各项政策和规定进行编写,具体内容包括:地质体的基本产状及沉积岩层构造、地质构造研究中的应力分析基础、变形岩石应变分析基础、劈理与线理、褶皱的几何与成因分析、节理与断层、逆冲推覆构造、伸展构造、走向滑动断层、韧性剪切带、地下水的分类与赋存、地下水运动的基本规律、地下水的化学成分及其形成、地下水的补给、排泄与径流、地下水的动态与均衡、水文地质勘察、地质构造与水文地质的关系等内容。 | |
| 606 | 0 | @a地质构造@x研究 |
| 606 | 0 | @a水文地质@x研究 |
| 690 | @aP54@v5 | |
| 690 | @aP641@v5 | |
| 701 | 0 | @a曹志民@Acao zhi min@4编著 |
| 701 | 0 | @a师明川@Ashi ming chuan@4编著 |
| 701 | 0 | @a郑彦峰@Azheng yan feng@4编著 |
| 801 | 0 | @aCN@bBJSDL@c20211011 |
| 905 | @b1330682-5@dP54@e170@f4 | |
| 地质构造与水文地质研究/曹志民,师明川,郑彦峰编著.-北京:文化发展出版社有限公司,2021.2 |
| 341页;24cm |
| ISBN 978-7-5142-2596-9:CNY58.00 |
| 本书根据地质构造和水文地质研究各项政策和规定进行编写,具体内容包括:地质体的基本产状及沉积岩层构造、地质构造研究中的应力分析基础、变形岩石应变分析基础、劈理与线理、褶皱的几何与成因分析、节理与断层、逆冲推覆构造、伸展构造、走向滑动断层、韧性剪切带、地下水的分类与赋存、地下水运动的基本规律、地下水的化学成分及其形成、地下水的补给、排泄与径流、地下水的动态与均衡、水文地质勘察、地质构造与水文地质的关系等内容。 |
| ● |
| 相关链接 |
|
|
|
|
正题名:地质构造与水文地质研究
索取号:P54/170
 
预约/预借
| 序号 | 登录号 | 条形码 | 馆藏地/架位号 | 状态 | 备注 |
| 1 | 1330682 | 213306821 | 第二样本阅览室/ [索取号:P54/170] | 在馆 | |
| 2 | 1330683 | 213306830 | 第三借阅区/ [索取号:P54/170] | 在馆 | |
| 3 | 1330684 | 213306849 | 第三借阅区/ [索取号:P54/170] | 在馆 | |
| 4 | 1330685 | 213306858 | 第三借阅区/ [索取号:P54/170] | 在馆 |